Statistics for Alan's just for fun general knowledge quiz 3

Click here to take the quiz!

General Stats

  • This quiz has been taken 11 times
  • The average score is 6 of 15

Answer Stats

HintAnswer% Correct
What is the smallest country in the world?Vatican City
75%
What is the point value of the pink ball in snooker?6
63%
Who wrote Oliver Twist?Charles Dickens
63%
Which famous landmark in Rome hosted events like gladiatorial games?The Colosseum
63%
Who is Reg Dwight better known as?Elton John
50%
Oenophobia is the fear of which types of alcoholic drinks?wine
50%
In which country did the first football world cup take place in 1930?Uruguay
38%
How many UK number ones did the Beatles have in total?17
25%
In Harry Potter, what animal represents Hufflepuff house?badger
25%
What was the name of the Dachshund toy that features in Toy Story?Slinky
25%
Tripe, popular in the North of England, is what?stomach
25%
What name is given to 8 May to mark the unconditional surrender of the German Army at the end of World War 2?VE day
25%
What is the official name of the clock tower commonly referred to as Big Ben?Elizabeth tower
13%
In which arcade game would you find the character Scorpion?Mortal Kombat
13%
What was the brand Nike originally called?Blue Ribbon sports
0%

Score Distribution

Percentile by Number Answered

Percent of People with Each Score

Your Score History

You have not taken this quiz